000 00680nam a22002057a 4500
999 _c2110
_d2110
003 AR-CdUCM
008 190304b ||||| |||| 00| 0 spa d
040 _aMUNICIPALIDAD PROVINCIAL DEL CUSCO
_cBIBLIOTECA MUNICIPAL DEL CUSCO
082 _a868.12 /
_bZ6
100 _aCantar de mío Cid.
_97624
245 _aPoema del Cid /
260 _aLima :
_bInformática Brasa Ediciones,
_c2004.
300 _a124 páginas :
_c20 cm.
505 _aPresentación -- Destierro del Cid -- Bodas de las hijas del Cid -- La afrenta de Corpes -- Biografía Virtual
650 _aPoesía
_9139
650 _aLiteratura
_983
650 _aEspaña
_9176
942 _2ddc
_cLIBROS
945 _admma